| 000 | 00389pab a2200157 454500 | ||
|---|---|---|---|
| 008 | 180718b2006 xxu||||| |||| 00| 0 eng d | ||
| 100 | _aMarceau, Nicolas | ||
| 245 | _aOn the early holocene: foraging to early agriculture | ||
| 260 | _c2006 | ||
| 300 | _ap.751-72. | ||
| 362 | _aJul | ||
| 650 | _aAgriculture | ||
| 700 | _aMyers, Gordon | ||
| 773 | _aEconomic Journal | ||
| 909 | _a70671 | ||
| 999 |
_c70671 _d70671 |
||